书目信息 |
| 题名: |
金融基石
|
|
| 作者: | ;零壹财经·零壹智库 著 | |
| 分册: | ||
| 出版信息: | 北京 电子工业出版社 2018 |
|
| 页数: | 301页 | |
| 开本: | 23cm | |
| 丛书名: | 零壹财经书系 | |
| 单 册: | ||
| 中图分类: | F830.5 | |
| 科图分类: | ||
| 主题词: | 信用--服务业--研究--世界 | |
| 电子资源: | ||
| ISBN: | 978-7-121-32794-0 | |
| 000 | 01204oam2 2200253 450 | |
| 001 | 012001003460 | |
| 005 | 20140926114739.0 | |
| 010 | @a978-7-121-32794-0@dCNY65.00 | |
| 100 | @a20180217d2018 em y0chiy50 ea | |
| 101 | 0 | @achi |
| 102 | @aCN@b110000 | |
| 105 | @ay z 000yy | |
| 106 | @ar | |
| 200 | 1 | @a金融基石@9jin rong ji shi@e全球征信行业前沿@f零壹财经·零壹智库著 |
| 210 | @a北京@c电子工业出版社@d2018 | |
| 215 | @a301页@d23cm | |
| 225 | 1 | @a零壹财经书系 |
| 330 | @a本书共分为三部分,第一部分研究了国外征信业的发展历程、发展现状和监管概况以及国外征信巨头(环联、艾克飞、益博睿、邓白氏和FICO)的发展历程、经营状况、财务状况和在华业务;第二部分研究了中国征信业的发展历程、监管体系、个人征信发展情况、企业征信发展情况、征信业前沿问题和发展前景;第三部分研究了全球征信前沿商务模式和信用服务技术,探讨了信用服务聚合、调查性信用报告机构和催收机构在国外的实践及在我国应用的状况,盘点了人工智能、云计算、大数据、区块链和生物识别在信用服务业的应用。 | |
| 461 | 0 | @12001 @a零壹财经书系 |
| 606 | 0 | @a信用@x服务业@x研究@y世界 |
| 690 | @aF830.5@v5 | |
| 711 | 02 | @a零壹财经·零壹智库@9ling yi cai jing · ling yi zhi ku@4著 |
| 801 | 0 | @aCN@b上海新华@c20180901 |
| 905 | @b1154423-7@dF830.5@e433@f5 | |
| 金融基石:全球征信行业前沿/零壹财经·零壹智库著.-北京:电子工业出版社,2018 |
| 301页;23cm.-(零壹财经书系) |
| ISBN 978-7-121-32794-0:CNY65.00 |
| 本书共分为三部分,第一部分研究了国外征信业的发展历程、发展现状和监管概况以及国外征信巨头(环联、艾克飞、益博睿、邓白氏和FICO)的发展历程、经营状况、财务状况和在华业务;第二部分研究了中国征信业的发展历程、监管体系、个人征信发展情况、企业征信发展情况、征信业前沿问题和发展前景;第三部分研究了全球征信前沿商务模式和信用服务技术,探讨了信用服务聚合、调查性信用报告机构和催收机构在国外的实践及在我国应用的状况,盘点了人工智能、云计算、大数据、区块链和生物识别在信用服务业的应用。 |
| ● |
| 相关链接 |
|
|
|
|
正题名:金融基石
索取号:F830.5/433
 
预约/预借
| 序号 | 登录号 | 条形码 | 馆藏地/架位号 | 状态 | 备注 |
| 1 | 1154423 | 211544239 | 第一样本阅览室/ [索取号:F830.5/433] | 在馆 | |
| 2 | 1154424 | 211544248 | 密集书库-海洋学院/ [索取号:F830.5/433] | 在馆 | |
| 3 | 1154425 | 211544257 | 第一借阅区/ [索取号:F830.5/433] | 在馆 | |
| 4 | 1154426 | 211544266 | 第一借阅区/ [索取号:F830.5/433] | 在馆 | |
| 5 | 1154427 | 211544275 | 第一借阅区/ [索取号:F830.5/433] | 在馆 |